Which U.S States Are Real? - Statistics

General Stats
  • This quiz has been taken 1,880 times
  • The average score is 16 of 16
Answer Stats
Question Tile Select % Correct
The U.S states that Exist Douglas No
100%
The U.S states that Exist Jefferson No
100%
The U.S states that Exist Potomac No
100%
The U.S states that Exist Guam No
99%
The U.S states that Exist Missouri Yes
99%
The U.S states that Exist Nevada Yes
99%
The U.S states that Exist Texas Yes
99%
The U.S states that Exist Washegon No
99%
The U.S states that Exist Cleveland No
98%
The U.S states that Exist Delaware Island No
98%
The U.S states that Exist Louisiana Yes
98%
The U.S states that Exist Montana Yes
98%
The U.S states that Exist Puerto Rico No
98%
The U.S states that Exist Rhode Island Yes
98%
The U.S states that Exist Washington Yes
98%
The U.S states that Exist New Hampshire Yes
97%
No matching quizzes found
Score Distribution
Percent of People with Each Score
Percentile by Number Answered
Your Score History
You have not taken this quiz